Manual de direito tributário / (Record no. 500)
[ view plain ]
| 000 -LÍDER | |
|---|---|
| Campo Fixo de Controle | 00970nam a2200253 a 4500 |
| 001 - NÚMERO DE CONTROLE | |
| Campo de Controle | 500 |
| 003 - IDENTIFICAÇÃO DO NÚMERO DE CONTROLE | |
| Campo de Controle | BR-CuiBMT |
| 005 - DATA E HORA DA ÚLTIMA ATUALIZAÇÃO | |
| Campo de Controle | 20231127030250.0 |
| 008 - DADOS FIXOS | |
| Dados Fixos | 231108s2017 spba 001 0 por d |
| 020 ## - INTERNATIONAL STANDARD BOOK NUMBER | |
| Nº do ISBN | 9788597011975 |
| 040 ## - AGÊNCIA CATALOGADORA | |
| Código da Agência Catalogadora | BR-CuiBMT |
| Agência que transcreveu o registro | BR-CuiBMT |
| 080 ## - Nº DA CLASSIFICAÇÃO DECIMAL UNIVERSAL | |
| Nº edição CDU | 2007 |
| Nº Class. CDU | 34:336.2 |
| 090 ## - NÚMERO DE CHAMADA | |
| Nº classificação | 34:336.2 |
| Cutter | M149m |
| Ano/Edição | 9. ed. |
| 100 1# - ENTRADA PRINCIPAL -- AUTOR PESSOAL | |
| Nome pessoal | Machado Segundo, Hugo de Brito, |
| Datas associadas ao nome | 1978- |
| 245 10 - TÍTULO PRINCIPAL | |
| Título principal | Manual de direito tributário / |
| Indicação de responsabilidade | Hugo de Brito Machado Segundo. |
| 250 ## - EDIÇÃO | |
| Edição | 9. ed., reform., atual. e ampl. |
| 260 ## - PUBLICAÇÃO, DISTRIBUIÇÃO, ETC. | |
| Local de publicação | São Paulo : |
| Editora | Atlas, |
| Data | 2017. |
| 300 ## - DESCRIÇÃO FÍSICA | |
| N. páginas ou volumes | 524 p. : |
| Ilustrações | il. ; |
| Dimensões | 24 cm |
| 500 ## - NOTAS GERAIS | |
| Notas gerais | Informações retiradas da capa. de acordo com: Regime Especial para Pagamento de Precatórios (EC 94/2016); Novo Regime Fiscal (EC 95/2016); Alterações na Lei do ISS (LC 157/2016). |
| 504 ## - NOTA DE BIBLIOGRAFIA, ETC. | |
| Nota de bibliografia | Inclui bibliografia e índice alfabético-remissivo. |
| 650 ## - ASSUNTO TÓPICO | |
| Cabeçalho tópico ou nome geográfico | Direito tributário |
| Subdivisão de forma | Legislação |
| Subdivisão geográfica | Brasil |
| 650 ## - ASSUNTO TÓPICO | |
| Cabeçalho tópico ou nome geográfico | Direito financeiro |
| Subdivisão geográfica | Brasil |
| 942 ## - ELEMENTOS DE ENTRADA ADICIONAIS (KOHA) | |
| Fonte de classificação ou esquema de arquivamento | Classificação Decimal Universal |
| Tipo de item do Koha | Livros |
| Estado: removido | Estado: perdido | Fonte de classificação ou esquema de arquivamento | Estado: danificado | Indisponível para empréstimo | Localização permanente | Localização atual | Data de aquisição | Total Checkouts | Número de Chamada completo | Código de barras | Date last seen | Número do exemplar | Preço efetivo a partir de | Tipo de item (Koha) |
|---|---|---|---|---|---|---|---|---|---|---|---|---|---|---|
| Classificação Decimal Universal | Biblioteca da Escola Superior de Contas do TCE/MT | Biblioteca da Escola Superior de Contas do TCE/MT | 08/11/2023 | 34:336.2 M149m | BIBTCEMT23110260 | 08/11/2023 | Ex. 1 | 08/11/2023 | Livros |